|
|
|
|
| LEADER |
00000naa2a2200000 4500 |
| 001 |
156499 |
| 005 |
20231031153217.0 |
| 035 |
|
|
|a (RuTPU)RU\TPU\book\169740
|
| 090 |
|
|
|a 156499
|
| 100 |
|
|
|a 20090328d2008 k y0rusy50 ca
|
| 101 |
0 |
|
|a rus
|
| 102 |
|
|
|a RU
|
| 200 |
1 |
|
|a Моделирование процесса внедрения в лёд компактных ударников
|f В. П. Глазырин, Ю. Н. Орлова, М. Ю. Орлов
|
| 320 |
|
|
|a Библиогр.: 1 назв.
|
| 463 |
|
0 |
|0 (RuTPU)RU\TPU\book\158722
|t Новые материалы. Создание, структура, свойства - 2008
|o труды
|o VIII Всероссийская школа-семинар с международным участием, 9-10 июня 2009 г., г. Томск
|f Томский политехнический университет (ТПУ) ; Российская академия наук (РАН), Сибирское отделение (СО), Институт физики прочности и материаловедения (ИФПМ)
|v С. 95-98
|d 2008
|p 232 с.
|
| 610 |
1 |
|
|a ударники
|
| 610 |
1 |
|
|a лёд
|
| 610 |
1 |
|
|a моделирование
|
| 610 |
1 |
|
|a процессы
|
| 610 |
1 |
|
|a динамическое нагружение
|
| 610 |
1 |
|
|a математическое моделирование
|
| 610 |
1 |
|
|a программные комплексы
|
| 610 |
1 |
|
|a уравнение Прандтля-Рейса
|
| 610 |
1 |
|
|a текучесть
|
| 610 |
1 |
|
|a уравнение Уолша
|
| 610 |
1 |
|
|a труды учёных ТПУ
|
| 700 |
|
1 |
|a Глазырин
|b В. П.
|g Виктор Парфирьевич
|
| 701 |
|
1 |
|a Орлова
|b Ю. Н.
|c специалист в области разработки нефтяных месторождений
|c ассистент Томского политехнического университета
|g Юлия Николаевна
|2 stltpush
|3 (RuTPU)RU\TPU\pers\27821
|
| 701 |
|
1 |
|a Орлов
|b М. Ю.
|c физик
|c старший преподаватель Томского политехнического университета, кандидат физико-математических наук
|f 1978-
|g Максим Юрьевич
|2 stltpush
|3 (RuTPU)RU\TPU\pers\40098
|
| 801 |
|
1 |
|a RU
|b 63413507
|c 20090328
|g PSBO
|
| 801 |
|
2 |
|a RU
|b 63413507
|c 20180216
|g RCR
|
| 942 |
|
|
|c BK
|